Datum a čas kvízu

30.5 Celkem bodů Celkový počet nahraných bodů na tomto kvízu bez doplňovacích otázek.
8. Pořadí na kvízu Konečné umístění týmu na tomto kvízu.

Zaznamenané odpovědi

# Otázka Odpověď Body Výsledky
1. Ve vládě premiéra Petra Fialy... Helena Langšádlová 1
2. V noci ze středy na čtvrtek do... Moulin Rouge 1
3. Pravděpodobnou podobu významné... sv. Vojtěch (Adalbert) 1
4. Minulý týden jsme se dozvěděli... Datart 1
5. Olympijskému vítězi ve skocích... na Islandu 1
6. Bešamelová omáčka se standardn... muškátovým oříškem/květem 1
7. Napište zakrytou značku zobraz... Kikkoman 0
8. Když se řekne omáčka, určitě s... 15 0
9. Město Worcester dalo jméno jed... C; čertovo lejno 0
10. Jak se označuje tato omáčka (z... holandská omáčka; vejce Benedikt 1